Polyfunkčný bytový dom City - Centrum

Na minha lista:
Detalhes bibliográficos
Autor principal: Galko, Michal (Author)
Outros Autores: Jankovichová, Eva (Thesis advisor)
Formato: Manuscrito Livro
Idioma:eslovaco
Publicado em: 2016
Assuntos:
Acesso em linha:http://is.stuba.sk/zp/portal_zp.pl?podrobnosti=125275
https://opac.crzp.sk/?fn=detailBiblioForm&sid=41728D440EB1EF629715138922FE
Tags: Adicionar Tag
Sem tags, seja o primeiro a adicionar uma tag!

MARC

LEADER 00000ntm a22000003a 4500
001 stuzp57554
003 SK-STU
005 20230825125328.1
007 ta
008 150427s2015----xo-----f-mn---000-0-slo-d
040 |a STU  |b slo 
041 0 |a slo 
100 1 |a Galko, Michal  |u 010270  |4 aut  |U SvF Stavebná fakulta  |T SvF Katedra technológie stavieb  |X 7378  |U V270  |Y 28  |7 7378 
242 0 1 |a Multifunctional apartment house City-Center  |y eng 
245 1 0 |a Polyfunkčný bytový dom City - Centrum 
260 |c 2016 
650 4 |a Bytový dom  |2 slo 
650 4 |a Zateplovací systém  |2 slo 
650 4 |a Kazetový systém FUNDERMAX  |2 slo 
650 4 |a flat house  |2 eng 
650 4 |a heating system  |2 eng 
650 4 |a cassette system Fundermax  |2 eng 
700 1 |a Jankovichová, Eva  |u 010270  |k Z1  |4 ths  |U SvF Stavebná fakulta  |T SvF Katedra technológie stavieb  |X 647  |U V270  |Y 28  |7 A000000647 
856 4 |u http://is.stuba.sk/zp/portal_zp.pl?podrobnosti=125275 
856 4 |u https://opac.crzp.sk/?fn=detailBiblioForm&sid=41728D440EB1EF629715138922FE 
SQL |a stuzp57554  |b DDP  |c SLO  |d Polyfunkčný bytový dom City - Centrum  |e 7378  |f Galko, Michal  |g 010270  |h 647  |i Jankovichová, Eva  |j 20160615  |k 681  |l 01  |m http://is.stuba.sk/zp/portal_zp.pl?podrobnosti=125275  |n I-TS  |o 5.2.8. stavebníctvo